000 00697cam a22002411 4500
001 8446258
003 SISC
005 20160302133306.0
008 750416t19631962paua j 000 1 eng
010 _a 63020497
035 _a(OCoLC)1280839
040 _aDLC
_cFO
_dOCoLC
_dDLC
042 _apremarc
050 0 0 _aPZ 3
_b.C458 1962
082 _aHS 958
_bC362 1962
100 1 _aCatherall, Arthur,
_d1906-
_916971
245 1 0 _aRogue elephant /
_cA.R. Channel; Illustrated by D. Watkins-Pitchford.
260 _aPhiladelphia,
_bMacrae Smith Co.,
_c[1963, c1962]
300 _a173 p. :
_bill.
_c22 cm.
906 _a7
_bcbc
_coclcrpl
_du
_encip
_f19
_gy-gencatlg
942 _2lcc
_cBK
999 _c432
_d432